000 01151nam a2200337 a 4500
001 vtls001243390
003 NLI
005 20210603180134.0
008 120403sஸலல ii 000 0 tam
020 _cRs. 14.50 (pbk.)
039 9 _y201204031904
_zVLOAD
040 _aNLI
_bteleng
_cDatasoft_Tamil_S
_eAACR2
041 0 _atam
044 _a ii
082 0 4 _a 628.1
100 1 _6880-01
_aதுறைராசன், மு.
_9129
245 1 0 _6880-02
_aநீரளவைகள் /
_cமு. துறைராசன்
260 _aசென்னை :
_bகீதா பதிப்பகம்,
_cஸலல
300 _a187 P. ;
_c18 cm.
500 _aLibrary has 1 cops.
650 0 _aInformation storage and retrieval systems
_xEnvironmental protection
_9434220
650 0 _aEnvironmental protection
_xData processing
_9434221
880 1 0 _6245-02(B
_aNīraḷavaikaḷ /
_cMḌurairāsan
880 1 _6100-01(B
_aDurairāsan, M
887 _a G
901 _a31999
_b19.03.1985
_9C.1
902 _a628.1 Du 865
904 _cG
_l6532
942 _2ddc
_cBKS
949 _AVIRTUAITEM
_D10000
_X100
_6DBA000031999TAM
999 _aVIRTUA40
_c543786
_d543786